Fruits with the most fiber - Statistics

General Stats
  • This quiz has been taken 15 times
  • The average score is 9 of 20
Answer Stats
Hint Answer % Correct
Bannana
100%
Pear
85%
starts with a Avocado
62%
Mango
62%
Orange
62%
Apples
54%
Kiwi
54%
Starts with P Plum
54%
papaya
46%
Strawberries
46%
Blueberries
38%
Pineapples
38%
Pomegranate
38%
Raspberries
38%
Apricots
31%
Blackberries
31%
Guava
31%
Passion Fruit
23%
Starts with P Prunes
8%
Tangerines
8%
No matching quizzes found
Score Distribution
Percent of People with Each Score
Percentile by Number Answered
Your Score History
You have not taken this quiz